A short history of Christianity / (Record no. 8436)

MARC details
000 -LEADER
fixed length control field 00635nam a22002057a 4500
003 - CONTROL NUMBER IDENTIFIER
control field GBCCL
005 - DATE AND TIME OF LATEST TRANSACTION
control field 20241126110651.0
008 - FIXED-LENGTH DATA ELEMENTS--GENERAL INFORMATION
fixed length control field 210217b ||||| |||| 00| 0 eng d
020 ## - INTERNATIONAL STANDARD BOOK NUMBER
International Standard Book Number 0802833829 (pbk. : alk. paper)
020 ## - INTERNATIONAL STANDARD BOOK NUMBER
International Standard Book Number 0745951449
040 ## - CATALOGING SOURCE
Transcribing agency GBC
082 ## - DEWEY DECIMAL CLASSIFICATION NUMBER
Classification number 270
Item number TOM
100 ## - MAIN ENTRY--PERSONAL NAME
Personal name Tomkins, Stephen,
Dates associated with a name 1968-
9 (RLIN) 14782
245 ## - TITLE STATEMENT
Title A short history of Christianity /
Statement of responsibility, etc. Stephen Tomkins.
260 ## - PUBLICATION, DISTRIBUTION, ETC.
Place of publication, distribution, etc. Oxford:
Name of publisher, distributor, etc. Lion Hudson plc,
Date of publication, distribution, etc. 2005.
300 ## - PHYSICAL DESCRIPTION
Extent 256 p. ;
Other physical details 22 cm.
505 ## - FORMATTED CONTENTS NOTE
Formatted contents note As it was in the beginning -- The rise of Rome -- The Reformation -- Globalisation.
650 #0 - SUBJECT ADDED ENTRY--TOPICAL TERM
Topical term or geographic name entry element Church history.
9 (RLIN) 117
942 ## - ADDED ENTRY ELEMENTS (KOHA)
Source of classification or shelving scheme Dewey Decimal Classification
Koha item type Books
Koha issues (borrowed), all copies 4
Holdings
Withdrawn status Lost status Source of classification or shelving scheme Damaged status Not for loan Home library Current Library Shelving location Date acquired Total checkouts Full call number Barcode Date last seen Date last checked out Copy number Price effective from Koha item type
    Dewey Decimal Classification     GRACE BIBLE COLLEGE GRACE BIBLE COLLEGE Church History 2021-02-17 6 270 TOM 015036 2026-03-16 2026-03-09 c.1 2021-02-17 Books
© Grace Bible College Library 2025